Квиз о старом Риму #2 - Statistics

General Stats
  • This quiz has been taken 114 times
  • The average score is 11 of 23
Answer Stats
Траг Одговор % Correct
Врста животиње која је подигла Ромула и Рема Вучица
93%
Оно што је том приликом рекао Цезар {Коцка} је бачена
84%
Првих пет римских царева Август
83%
Египатска краљица која је била љубавница Цезару и Антонију Клеопатра
82%
Метод погубљења коришћен на Исусу и следбеницима Спартака Распеће
65%
Капитолин и Палатин су међу седам _____ Рима Брежуљака
64%
Река коју је Цезар прешао да би освојио Италију Рубикон
61%
Првих пет римских царева Нерон
59%
Првих пет римских царева Калигула
51%
Свечана римска одећа Тога
50%
Варварско племе које је опљачкало Рим 455. године Вандали
48%
Термин за дивизију римских војника Легија
45%
„Велики” византијски цар који вратио контролу над Италијом Јустинијан
44%
Првих пет римских царева Тиберије
39%
Супротно од плебејаца Патрицији
33%
Централно тржиште старог Рима Форум
32%
Први епископ Рима, према католичкој традицији Свети Петар
30%
Првих пет римских царева Клаудије
27%
Град који су Римљани звали Лутеција Париз
27%
Врста животиње повезана са наведеном јединицом Орао
25%
Чедне свештенице које су чувале вечну ватру Весталке
22%
Племе чије су невесте украли рани Римљани Сабињани
15%
Активност која се одржавала у Циркусу Максимусу Трке двоколица
7%
No matching quizzes found
Score Distribution
Percent of People with Each Score
Percentile by Number Answered
Your Score History
You have not taken this quiz